| 000 | 00450nam a22001817a 4500 | ||
|---|---|---|---|
| 003 | MPLRDC | ||
| 005 | 20220104143614.0 | ||
| 008 | 210129b ||||| |||| 00| 0 eng d | ||
| 020 | _a967-9980-65-0 | ||
| 082 | _a859.5 ZGSH-2 v.2 | ||
| 100 | _a向明 著; 古月绘 | ||
| 245 |
_a太阳神的故事 _c |
||
| 260 |
_a _b吉隆坡上海书局 _c |
||
| 300 | _b平 | ||
| 490 | _a中国神话故事选;2 | ||
| 650 | _a | ||
| 942 |
_cBK _o859.5 ZGSH-2 v.2 |
||
| 999 |
_c41551 _d41541 |
||